Súčasná hodnota dlhopisov FNM je menšia ako ich nominálna hodnota
Podstatné odlišnosti akcie a dlhopisu. Charakteristika dlhopisu FNM. Vplyv diskontnej sadzby. Súčasná hodnota investície do dlhopisu, pri rozličných alternatívnych výnosoch. Faktory, ktoré ovplyvnia hodnotu dlhopisu FNM. Zhodnotenie vkladu na 14-tisíc Sk.
Na minha lista:
| Autor principal: | |
|---|---|
| Formato: | Capítulo de Livro |
| Idioma: | eslovaco |
| Assuntos: | |
| Tags: |
Sem tags, seja o primeiro a adicionar uma tag!
|
MARC
| LEADER | 00000naa a2200000 4500 | ||
|---|---|---|---|
| 001 | r020003 | ||
| 005 | 20230921074329.0 | ||
| 041 | 0 | |a slo | |
| 044 | |a SK | ||
| 245 | 1 | 0 | |a Súčasná hodnota dlhopisov FNM je menšia ako ich nominálna hodnota |c J. Oravec |
| 520 | |a Podstatné odlišnosti akcie a dlhopisu. Charakteristika dlhopisu FNM. Vplyv diskontnej sadzby. Súčasná hodnota investície do dlhopisu, pri rozličných alternatívnych výnosoch. Faktory, ktoré ovplyvnia hodnotu dlhopisu FNM. Zhodnotenie vkladu na 14-tisíc Sk. | ||
| 610 | 2 | 0 | |a Slovensko |
| 610 | 2 | 0 | |a FNM SR Bratislava |
| 610 | 2 | 0 | |a dlhopisy |
| 610 | 2 | 0 | |a investovanie |
| 610 | 2 | 0 | |a výnosy |
| 610 | 2 | 0 | |a hodnota |
| 100 | 1 | |a Oravec, J. | |